| 000 | 00483nam a2200193 a 4500 | ||
|---|---|---|---|
| 001 | 1766566527323 | ||
| 003 | YourLibrary | ||
| 005 | 20251226115019.0 | ||
| 008 | 251224s2009##################000#0#eng## | ||
| 020 | _a9788186921487 | ||
| 082 | 0 | 4 |
_a261.245 _bPRA |
| 100 | 1 |
_aPraseed, George, _eauthor. |
|
| 245 | 1 | 0 | _aSacrifice and Cosmos : |
| 260 | _c2009. | ||
| 300 | _a413 pages | ||
| 650 | 0 | _aBiblical cosmology. | |
| 942 | _cENGLISH | ||
| 040 |
_aYourLibrary _beng _cYourLibrary |
||
| 999 |
_c604642 _d604642 |
||